书目信息 |
| 题名: |
城市地铁系统运行的脆弱性仿真研究及应用
|
|
| 作者: | 宋亮亮, , 刘启明 , 邓勇亮 著 | |
| 分册: | ||
| 出版信息: | 南京 东南大学出版社 2020.05 |
|
| 页数: | 147页 | |
| 开本: | 26cm | |
| 丛书名: | 重大工程安全风险管理丛书 | |
| 单 册: | ||
| 中图分类: | U231 | |
| 科图分类: | ||
| 主题词: | 地下铁道--di xia tie dao--安全管理--风险管理--研究 | |
| 电子资源: | ||
| ISBN: | 978-7-5641-8673-9 | |
| 000 | 02007oam2 2200337 450 | |
| 001 | 011025153141 | |
| 005 | 20221025153141.0 | |
| 010 | @a978-7-5641-8673-9@dCNY48.00 | |
| 099 | @aCAL 012020189442 | |
| 100 | @a20201004d2020 em y0chiy0120 ea | |
| 101 | 0 | @achi |
| 102 | @aCN@b320000 | |
| 105 | @aak a 000yy | |
| 106 | @ar | |
| 200 | 1 | @a城市地铁系统运行的脆弱性仿真研究及应用@Acheng shi di tie xi tong yun hang de cui ruo xing fang zhen yan jiu ji ying yong@f宋亮亮等 著 |
| 210 | @a南京@c东南大学出版社@d2020.05 | |
| 215 | @a147页@c图@d26cm | |
| 225 | 2 | @a重大工程安全风险管理丛书@Achong da gong cheng an quan feng xian guan li cong shu |
| 300 | @a本研究受以下项目资助:国家自然科学基金青年项目(71801082、71801214、71802071)教育部人文社科青年项目(18YJCZH148、18YJCZH166)国家自然科学基金面上项目(51978164、71871116) | |
| 304 | @a题名页题: 宋亮亮, 刘启明, 邓勇亮, 万欣著 | |
| 314 | @a宋亮亮,1988年4月生,江苏南通人。2017年9月毕业于东南大学工程管理专业,获管理学博士学位。 | |
| 320 | @a有书目 (第131-144页) | |
| 330 | @a地铁现已成为城市公共交通系统中的骨干,其运行安全问题备受关注。地铁运行安全事故的根本原因在于地铁系统运行的脆弱性。本书以脆弱性为切入点,研究地铁系统运行脆弱性的形成机理,从地铁干扰源和地铁自身脆弱性两个方面,对地铁系统的运行安全展开仿真研究,为地铁系统运行管理部门提供决策支持,提升地铁系统的运行安全水平。本书主要内容有地铁系统运行脆弱性内涵及形成机理分析、地铁系统运行干扰源特性研究、地铁系统运行脆弱性影响因素作用机制研究、地铁系统运行脆弱性影响因素重要度评估研究、地铁系统运行脆弱性仿真研究。 | |
| 333 | @a本书适合轨道交通设计施工、运维等单位的管理人员和技术人员参考, 也可供从事轨道交通安全研究的科研人民和相关专业的教师、研究生和高年级本科生阅读 | |
| 410 | 0 | @12001 @a重大工程安全风险管理丛书 |
| 606 | 0 | @a地下铁道@Adi xia tie dao@x安全管理@x风险管理@x研究 |
| 690 | @aU231@v5 | |
| 701 | 0 | @a宋亮亮,@Asong liang liang ,@f1988-@4著 |
| 701 | 0 | @a刘启明@Aliu qi ming@4著 |
| 701 | 0 | @a邓勇亮@Adeng yong liang@4著 |
| 905 | @a河南城建学院图书馆@dU231@eS771 | |
| 城市地铁系统运行的脆弱性仿真研究及应用/宋亮亮等 著.-南京:东南大学出版社,2020.05 |
| 147页:图;26cm.-(重大工程安全风险管理丛书) |
| 本研究受以下项目资助:国家自然科学基金青年项目(71801082、71801214、71802071)教育部人文社科青年项目(18YJCZH148、18YJCZH166)国家自然科学基金面上项目(51978164、71871116).-使用对象:本书适合轨道交通设计施工、运维等单位的管理人员和技术人员参考, 也可供从事轨道交通安全研究的科研人民和相关专业的教师、研究生和高年级本科生阅读 |
| ISBN 978-7-5641-8673-9:CNY48.00 |
| 地铁现已成为城市公共交通系统中的骨干,其运行安全问题备受关注。地铁运行安全事故的根本原因在于地铁系统运行的脆弱性。本书以脆弱性为切入点,研究地铁系统运行脆弱性的形成机理,从地铁干扰源和地铁自身脆弱性两个方面,对地铁系统的运行安全展开仿真研究,为地铁系统运行管理部门提供决策支持,提升地铁系统的运行安全水平。本书主要内容有地铁系统运行脆弱性内涵及形成机理分析、地铁系统运行干扰源特性研究、地铁系统运行脆弱性影响因素作用机制研究、地铁系统运行脆弱性影响因素重要度评估研究、地铁系统运行脆弱性仿真研究。 |
| ● |
| 相关链接 |
|
|
|
正题名:城市地铁系统运行的脆弱性仿真研究及应用
索取号:U231/S771
 
预约/预借
| 序号 | 登录号 | 条形码 | 馆藏地/架位号 | 状态 | 备注 |
| 1 | 1587026 | 215870261 | 自科库501/501自科库 49排6列2层/ [索取号:U231/S771] | 在馆 | |
| 2 | 1587027 | 215870270 | 自科库501/501自科库 49排6列2层/ [索取号:U231/S771] | 在馆 |